00932nam a2200229 a 450000100100000000500170001000800410002702000150006804000250008308200150010810000290012324501550015226001510030730000280045849000200048650400350050650000740054170000310061570000300064604900090067699900170068500002601820200930024231.0110225s1994 mx a r 000 0 spa d a9682964210 aDO-SdBNPbspacBNPHU aC335ebnn*1 aCasas, Alejandro.95292410aEtnobotánica mixteca :bsociedad, cultura y recursos naturales en la montaña de Guerrero /cAlejandro Casas, Juan Luis Viveros y Javier Caballero. aMéxico, D. F. :bDirección General de Publicaciones del Consejo Nacional para la Cultura y las Artes ;bInstituto Nacional Indigenista,c1994. a336 p. :bil. ;c22 cm.1 aPresencias.v67 aBibliotecología : 361-366 p. aIncluye referencias bibliográficas y notas al pie de las páginas.1 aViveros, Juan Luis.9529251 aCaballero, Javier.952926 aBNGR c25510d25510